Textbook of Applied Microbiology (Record no. 1767)

MARC details
000 -LEADER
Fixed length control field 00590nam a22002057a 4500
003 - CONTROL NUMBER IDENTIFIER
Control field IIN
005 - DATE AND TIME OF LATEST TRANSACTION
Control field 20250429114505.0
008 - FIXED-LENGTH DATA ELEMENTS--GENERAL INFORMATION
Fixed length control field 250429s |||ad||| |||| 001 0 eng d
020 ## - INTERNATIONAL STANDARD BOOK NUMBER / ISBN
International Standard Book Number 9789390619450
Price Rs.895.00
040 ## - CATALOGING SOURCE
Original cataloging agency IIN
082 ## - DEWEY DECIMAL CLASSIFICATION NUMBER
Classification number 579
Book Number DHI
100 ## - MAIN ENTRY--PERSONAL NAME
Personal name Dhir, Anju
245 ## - TITLE STATEMENT
Title Textbook of Applied Microbiology
Sub title Including Infection Control and Safety for BSc. Nursing Students/
Statement of responsibility Anju Dhir
250 ## - EDITION STATEMENT
Edition statement 2nd ed.
260 ## - IMPRINT
Place of publication Delhi
Name of publisher CBSPD
Date of publication 2025
300 ## - PHYSICAL DESCRIPTION
Page / Vol. No xxiv, 529 p.
Other physical details col. ill.
500 ## - GENERAL NOTE
General note Includes Index
650 ## - SUBJECT ADDED ENTRY--TOPICAL TERM
Topical term Microbiology
General subdivision Infection Control
942 ## - ADDED ENTRY ELEMENTS (KOHA)
Koha item type Books
Holdings
Withdrawn status Lost status Source of classification Damaged status Not for loan Collection code Home library Current library Shelving location Date acquired Price Total Checkouts Call number Accession number Date last seen Copy number Price effective from Koha item type
    Dewey Decimal Classification     Purches Book IDEAL INSTITUTE OF NURSING IDEAL INSTITUTE OF NURSING General Stacks 11/03/2025 895.00   579 DHI 1928 29/04/2025 1 29/04/2025 Books
    Dewey Decimal Classification     Purches Book IDEAL INSTITUTE OF NURSING IDEAL INSTITUTE OF NURSING General Stacks 11/03/2025 895.00   579 DHI 1929 29/04/2025 2 29/04/2025 Books
    Dewey Decimal Classification     Purches Book IDEAL INSTITUTE OF NURSING IDEAL INSTITUTE OF NURSING General Stacks 11/03/2025 895.00   579 DHI 1930 29/04/2025 3 29/04/2025 Books
© Ideal Institute Of Nursing, All rights reserved.         Powered by Koha